Текст томруулах:    
The complete guide to business agreements (Бичлэгийн дугаар. 145923)
000 -УДИРДЛАГА
Удирдлага 00823nam a22002657a 4500
003 - ХЯНАЛТЫН ТОО ТОДОРХОЙЛОГЧ
Код MN-UlNUM
005 - БИЧИЛТ ХИЙСЭН ОГНОО
Тухайн бичилтийг бичсэн засварласан сүүлийн огноо 20251212165812.0
008 - ЕРӨНХИЙ МЭДЭЭЛЭЛ
Ерөнхий мэдээлэл 251212s1992 ilua 001 0 eng
020 ## - ISBN
ISBN 0793104890
-- 0793104895
040 ## - БИЧЛЭГ ҮҮСГЭГЧ БАЙГУУЛЛАГА
Бичлэг үүсгэгч номын сангийн код МУИС-ийн номын сан
084 ## - ББК АНГИЛАЛ
Нэмэлт тусгалт Нэг сэдэвт бүтээл
ББК ангилал 65.290-2
Зохиогчийн гурван тэмдэгт N 58
Мэдлэгийн ялгаа 65 - Эдийн засаг
100 ## - ЗОХИОГЧ
Зохиогчийн нэр Nicholas, Ted
245 ## - ҮНДСЭН ГАРЧИГ
Номын нэр The complete guide to business agreements
260 ## - ГАРАЛТЫН МЭДЭЭ
Хэвлэгдсэн газар Chicago
Хэвлэлийн газар Enterprise Dearborn
Хэвлэгдсэн он 1992
300 ## - МАТЕРИАЛЫН ТОДОРХОЙЛОЛТ
хуудасны тоо x, 333 p. :
Бусад тоон мэдээлэл ill. ;
Хэмжээ 28 cm
500 ## - Тайлбар
Дансны дугаар БС 4342
505 ## - Агуулгын тэмдэглэгээ
Агуулгын тэмдэглэгээ Discusses business loans, credit arrangements, employment terms, purchasing, copyrights, and trade secrets, and provides sample forms
546 ## - ХЭЛНИЙ ТУХАЙ МЭДЭЭ
Хэл Англи хэл дээр,
653 ## - Түлхүүр үг
Түлхүүр үг commercial documents
653 ## - Түлхүүр үг
Түлхүүр үг contracts
653 ## - Түлхүүр үг
Түлхүүр үг business agreements
942 ## - ЭЛЕМЕНТИЙН ТӨРӨЛ
Зүйлийн төрөл Ном